000 00712cam7a220021700 4500
001 tmp15783959
003 UPRA
005 20190815111739.0
008 951027s1969 ug f eng u
035 _a(Sirsi) r35305
035 _a(UPRA)tmp15783959
040 _cUPRA
110 1 _aUganda.
_6A33024.1
245 1 0 _aProposals for national service :
_bDocument no. 2 on move to the left.
260 _aKampala :
_bMinistry of National Service,
_c1969.
500 _aPhotocopy.
650 0 _aDraft -- Uganda.
_zDraft -- Uganda.
_6S70996.1
710 1 _aUganda. Ministry of National Service.
_bUganda. Ministry of National Service.
_6A98303.1
949 _a(O2) 1969/8
_wlcc
_mMAIN
_tBOOK
_lON-SHELF
004 35305
999 _c71020
_d71020